[Event "BL2-N9899"]
[Site "Germany"]
[Date "1999.03.21"]
[Round "8.3"]
[White "Hetey, Laszlo"]
[Black "Boehnisch, Manfred"]
[Result "1-0"]
[WhiteElo "2325"]
[BlackElo "2335"]

1.d4 d5 2.Nf3 c6 3.c4 Nf6 4.Nc3 dxc4 5.a4 Bf5 6.e3 e6 7.Bxc4 Nbd7 8.O-O Bb4
9.Nh4 Bg4 10.f3 Bh5 11.g4 Nd5 12.Ng2 Bg6 13.f4 N7f6 14.f5 exf5 15.gxf5 Bh5
16.Qd3 Qa5 17.Ne2 Bxe2 18.Qxe2 O-O-O 19.e4 Rhe8 20.e5 Qb6 21.Rd1 h5 22.Bg5 Rd7
23.Kh1 Ng4 24.h3 Nh6 25.Qf3 Nc7 26.f6 Bf8 27.fxg7 Bxg7 28.a5 Qb4 29.b3 Ne6
30.Be3 a6 31.Nf4 Ng5 32.Qg2 f6 33.e6 Rc7 34.Nxh5 Bh8 35.Bf2 Nf5 36.Qg4 Nd6
37.Bg3 Nxc4 38.bxc4 Rce7 39.d5 cxd5 40.cxd5 Qxg4 41.hxg4 f5 42.Rac1+ Kd8
43.Bh4 Rg8 44.d6 Rxe6 45.d7 Rc6 46.Rxc6 bxc6 47.Nf4 Bf6 48.Bxg5 Bxg5 49.Ne6+ Ke7  1-0

[Event "Bled op"]
[Site "Bled"]
[Date "1999.03.22"]
[Round "3"]
[White "Kragelj, Igor"]
[Black "Waller, Helmut"]
[Result "1-0"]
[WhiteElo "2225"]
[BlackElo "2213"]

1.d4 d5 2.c4 c6 3.Nf3 Nf6 4.Nc3 dxc4 5.a4 Bf5 6.Ne5 Nbd7 7.Nxc4 e6 8.f3 Bg6
9.e4 Bb4 10.Be2 O-O 11.O-O Nb6 12.Ne5 c5 13.Na2 Nbd7 14.Nxg6 hxg6 15.Nxb4 cxb4
16.Be3 a5 17.Bb5 Rc8 18.Qb3 Nb8 19.Rad1 Nc6 20.Rfe1 Qc7 21.d5 exd5 22.exd5 Ne5
23.d6 Qc2 24.Qxc2 Rxc2 25.Bb6 Ned7 26.Bxa5 Rxb2 27.Bc7 b3 28.Re7 Rc2 29.Rb1 b2
30.Ree1 Re8 31.Rxe8+ Nxe8 32.Bd3 Rd2 33.Bb5 Rc2 34.Bd3 Nxc7 35.Bxc2 Nd5 36.Rxb2 Ne3
37.Bd3 Nc5 38.Re2 Nd5 39.Re8+ Kh7 40.Bb5 Nf6 41.Rc8  1-0

[Event "Bled op"]
[Site "Bled"]
[Date "1999.03.23"]
[Round "4"]
[White "Maric, Alisa"]
[Black "Lekic, Dusan"]
[Result "1/2-1/2"]
[WhiteElo "2481"]
[BlackElo "2381"]

1.d4 Nf6 2.Nf3 d5 3.c4 c6 4.Nc3 dxc4 5.a4 Bf5 6.e3 e6 7.Bxc4 Bb4 8.O-O O-O
9.Nh4 Nbd7 10.h3 Ne4 11.Nxf5 exf5 12.Nxe4 fxe4 13.Bd2 Qa5 14.Bxb4 Qxb4 15.Qc2 a5
16.f3 Nb6 17.Bb3 exf3 18.Rxf3 Rae8 19.Raf1 Re7 20.Qd1 Nd5 21.Bxd5 cxd5 22.Rf5 Rxe3  1/2-1/2

[Event "Rheinhessen-ch HT1 op"]
[Site "Woerrstadt"]
[Date "1999.03.28"]
[Round "4"]
[White "Wissemann, Andreas"]
[Black "Hegermann, Frank"]
[Result "1-0"]
[WhiteElo "2064"]
[BlackElo "1976"]

1.d4 d5 2.c4 c6 3.Nf3 Nf6 4.Nc3 dxc4 5.a4 Bf5 6.Ne5 Nbd7 7.Nxc4 Qc7 8.g3 e5
9.dxe5 Nxe5 10.Bf4 Rd8 11.Qc1 Bd6 12.Nxd6+ Qxd6 13.Bg2 Qe6 14.O-O O-O 15.Qe3 Ng6
16.Qxe6 Bxe6 17.Bg5 Bb3 18.Bxf6 gxf6 19.Ne4 Bc4 20.Nxf6+ Kg7 21.Ne4 Bxe2
22.Rfe1 Bg4 23.b4 Ne5 24.Re3 f6 25.h3 Rd1+ 26.Rxd1 Bxd1 27.Nc5 Rf7 28.a5 Kg6
29.f4 Nc4 30.Rc3 Be2 31.Kf2 Re7 32.Be4+ f5 33.Kxe2 Nd6 34.Re3 fxe4 35.g4 b6
36.axb6 axb6 37.Na4 Nc4 38.Rc3 b5 39.Nc5 e3 40.Nd3 h5 41.Ne5+ Nxe5 42.Rxe3 hxg4
43.hxg4 Kf6 44.Rxe5 Ra7 45.Rc5 Ra4 46.Rxc6+ Kf7 47.Rb6 Rxb4 48.Kf3 Rb1 49.Ke4 Rb4+
50.Kf5 Rb3 51.Rb7+ Kf8 52.g5  1-0

[Event "Czerniak mem 15th"]
[Site "Tel Aviv"]
[Date "1999.03.30"]
[Round "3"]
[White "Gershon, Alik"]
[Black "Bykhovsky, Avigdor"]
[Result "1/2-1/2"]
[WhiteElo "2467"]
[BlackElo "2453"]

1.d4 d5 2.c4 c6 3.Nf3 Nf6 4.Nc3 dxc4 5.a4 Bf5 6.Ne5 Nbd7 7.Nxc4 Qc7 8.g3 e5
9.dxe5 Nxe5 10.Bf4 Nfd7 11.Bg2 f6 12.O-O Nc5 13.e4 Bg6 14.Bxe5 fxe5 15.f4 Rd8
16.Qg4 exf4 17.gxf4 Nd3 18.Kh1 Bf7 19.Ne3 Bc5 20.Qxg7 Rg8 21.Qxh7 Bxe3 22.e5 Bd5
23.Nxd5 Qxh7 24.Nf6+ Ke7 25.Nxh7 Nxf4 26.Bf3 Nd3 27.Nf6 Rg5 28.Ng4 Bd4 29.Rab1  1/2-1/2

[Event "Mar del Plata op 30th"]
[Site "Mar del Plata"]
[Date "1999.03.31"]
[Round "5"]
[White "Amura, Claudia Noemi"]
[Black "Recoulat, Eduardo J"]
[Result "1-0"]
[WhiteElo "2355"]
[BlackElo "2171"]

1.d4 d5 2.c4 c6 3.Nf3 Nf6 4.Nc3 dxc4 5.a4 Bf5 6.Ne5 Nbd7 7.Nxc4 Qc7 8.Bg5 e6
9.f3 Bb4 10.e4 Bg6 11.Be2 O-O 12.O-O a5 13.Rc1 Rac8 14.Qb3 Nb6 15.Na2 Nxc4
16.Nxb4 Nb6 17.Nd3 Nbd7 18.Bf4 Qb6 19.Qxb6 Nxb6 20.Nc5 Ra8 21.Nxb7 Nxa4 22.b3 Ra7
23.Nd6 Nb6 24.Rxc6 Nbd7 25.Ra1  1-0

[Event "Mitropa Cup"]
[Site "Baden"]
[Date "1999.04.04"]
[Round "4"]
[White "Soln, Primoz"]
[Black "Acs, Peter"]
[Result "1-0"]
[WhiteElo "2425"]
[BlackElo "2521"]

1.d4 d5 2.c4 c6 3.Nc3 Nf6 4.Nf3 dxc4 5.a4 Bf5 6.Nh4 e6 7.Nxf5 exf5 8.e3 Bb4
9.Bxc4 O-O 10.O-O a5 11.Qf3 g6 12.Rd1 Nbd7 13.Bd2 Nb6 14.Bb3 Qe7 15.Rac1 Rfd8
16.Be1 Rd7 17.Ne2 Bd6 18.h3 Ne4 19.Nc3 Ng5 20.Qe2 Re8 21.Rc2 Qf6 22.h4 Ne6
23.g3 Bb4 24.Qf3 Nc7 25.Rcc1 Rde7 26.e4 Bxc3 27.Bxc3 Rxe4 28.d5 Qd6 29.dxc6 Qe7
30.Bxa5 Nca8 31.Bxb6 Nxb6 32.a5  1-0

[Event "Hampstead GM 5th"]
[Site "London"]
[Date "1999.04.07"]
[Round "1"]
[White "Bekker Jensen, Simon"]
[Black "Gormally, Daniel"]
[Result "1/2-1/2"]
[WhiteElo "2360"]
[BlackElo "2456"]

1.d4 d5 2.c4 c6 3.Nf3 Nf6 4.Nc3 dxc4 5.a4 Bf5 6.Nh4 Bc8 7.Nf3 Bf5 8.Nh4 Bg4
9.h3 Bh5 10.g4 Bg6 11.Nxg6 hxg6 12.e3 e6 13.Bxc4 Bb4 14.Qf3 Qa5 15.Bd2 Nbd7
16.Kf1 Nb6 17.Bb3 Rd8 18.Kg2 O-O 19.Rhd1 Rd7 20.Be1 Rfd8 21.Ne4 Nxe4 22.Qxe4 Bxe1
23.Rxe1 Nd5 24.Red1 Qb6 25.Qc2 a5 26.Rac1 Qc7 27.Rd2 e5 28.Rcd1 Kh8  1/2-1/2

[Event "Czerniak mem 15th"]
[Site "Tel Aviv"]
[Date "1999.04.07"]
[Round "8"]
[White "Gershon, Alik"]
[Black "Kanstler, Boris"]
[Result "1/2-1/2"]
[WhiteElo "2467"]
[BlackElo "2539"]

1.d4 d5 2.c4 c6 3.Nf3 Nf6 4.Nc3 dxc4 5.a4 Bf5 6.Ne5 Nbd7 7.Nxc4 Qc7 8.g3 e5
9.dxe5 Nxe5 10.Bf4 Nfd7 11.Bg2 f6 12.Nxe5 fxe5  1/2-1/2

[Event "Hampstead GM 5th"]
[Site "London"]
[Date "1999.04.08"]
[Round "2"]
[White "Bekker Jensen, Simon"]
[Black "Hector, Jonny"]
[Result "0-1"]
[WhiteElo "2360"]
[BlackElo "2542"]

1.d4 d5 2.c4 c6 3.Nf3 Nf6 4.Nc3 dxc4 5.a4 Bf5 6.Nh4 e6 7.Nxf5 exf5 8.e3 Bb4
9.Bxc4 O-O 10.O-O Nbd7 11.Bd2 Qa5 12.Qe1 Rfe8 13.Nb1 Bxd2 14.Qxd2 Qc7 15.Nc3 Rad8
16.f3 c5 17.Nb5 Qb8 18.Ba2 a6 19.Nc3 cxd4 20.exd4 Qd6 21.Rad1 Nb8 22.Qg5 g6
23.g4 fxg4 24.fxg4 Kg7 25.Rf2 h6 26.Qf4 Nc6 27.Rdf1 Qxf4 28.Rxf4 Rd6 29.h4 g5
30.hxg5 hxg5 31.Rf5 Rxd4 32.Rxg5+ Kh6 33.Rff5 Rd2 34.Kf1 Re7 35.Nd5 Rd1+
36.Kf2 Ne4+ 37.Kg2 Rd2+ 38.Kg1 Nxg5 39.Nxe7 Nxe7 40.Rf6+ Kg7  0-1

[Event "Hampstead GM 5th"]
[Site "London"]
[Date "1999.04.08"]
[Round "2"]
[White "Gormally, Daniel"]
[Black "Ansell, Simon"]
[Result "1/2-1/2"]
[WhiteElo "2456"]
[BlackElo "2400"]

1.d4 d5 2.c4 c6 3.Nf3 Nf6 4.Nc3 dxc4 5.a4 Bf5 6.Ne5 Nbd7 7.Nxc4 Nb6 8.e3 e6
9.f3 Bb4 10.e4 Nxe4 11.fxe4 Qh4+ 12.Kd2 Nxc4+ 13.Kc2 Bg4 14.Be2 Bxe2 15.Qxe2 Nd6
16.g3 Qe7 17.Bf4 g5 18.Be5 f6 19.Bxd6 Bxd6 20.e5 Bc7 21.exf6 Qxf6 22.Qh5+ Qg6+
23.Qxg6+ hxg6 24.Ne4 O-O-O  1/2-1/2

[Event "Budapest FS04 IM-B"]
[Site "Budapest"]
[Date "1999.04.10"]
[Round "8"]
[White "Leskiewicz, Maksymilian"]
[Black "Serrer, Christoph"]
[Result "0-1"]
[WhiteElo "2223"]
[BlackElo "2285"]

1.d4 d5 2.c4 c6 3.Nf3 Nf6 4.Nc3 dxc4 5.a4 Bf5 6.e3 e6 7.Bxc4 Bb4 8.O-O Nbd7
9.Qe2 Bg6 10.e4 Bxc3 11.bxc3 Nxe4 12.Ba3 Qc7 13.Rfc1 O-O-O 14.a5 Kb8 15.Qb2 Ka8
16.Bd3 Nd6 17.Be2 Rhe8 18.c4 c5 19.Ra2 f6 20.a6 b6 21.dxc5 Nxc5 22.Nd4 e5
23.Nb5 Qc6 24.Qb4 Bd3 25.Rd1 Bxe2 26.Rxd6 Rxd6 27.Nxd6 Qxd6 28.Rxe2 Rd8 29.Re1 Qd1
30.h3 Qb3 31.Qxb3 Nxb3 32.Be7 Rd7 33.Bb4 Nd4 34.f4 Nc2 35.Rb1 Nxb4 36.Rxb4 exf4
37.Kf2 Rd4 38.Rb2 Kb8 39.Re2 Kc7 40.Re7+ Rd7 41.Re8 Kd6 42.Kf3 Rc7 43.Rd8+ Ke7
44.Rg8 g6 45.h4 Ke6 46.Rb8 Rxc4 47.Rb7 Ra4 48.Rxa7 Kf5 49.h5 Ra3+ 50.Kf2 g5
51.Rxh7 Rxa6 52.Rg7 Ra1 53.h6 Rh1 54.h7 b5 55.Rb7 Kg6 56.Rxb5 Rxh7 57.Kf3 Re7
58.Rb4 Re3+ 59.Kf2 Kf5 60.Rb5+ Re5 61.Rb4 Ra5 62.Rb2 Kg4 63.Rc2 Ra3 64.Rb2 f5
65.Rc2 f3 66.gxf3+ Rxf3+ 67.Kg2 Ra3 68.Rb2 f4 69.Rc2 Rg3+ 70.Kf2 Rh3 71.Kg2 f3+
72.Kg1 Rh8 73.Rb2 Re8 74.Rb5 Kf4 75.Ra5 g4 76.Kf1 Kg3 77.Ra1 Rh8  0-1

[Event "Budapest FS04 GM"]
[Site "Budapest"]
[Date "1999.04.10"]
[Round "8"]
[White "Horvath, Csaba"]
[Black "Balinov, Ilija"]
[Result "1/2-1/2"]
[WhiteElo "2524"]
[BlackElo "2434"]

1.d4 Nf6 2.Nf3 d5 3.c4 c6 4.Nc3 dxc4 5.a4 Bf5 6.e3 e6 7.Bxc4 Bb4 8.O-O O-O
9.Qe2 Nbd7 10.e4 Bg6 11.e5 Nd5 12.Nxd5 cxd5 13.Bd3 Be7 14.Bd2 a6 15.a5 Rc8
16.Rfc1 Nb8  1/2-1/2

[Event "Hampstead GM 5th"]
[Site "London"]
[Date "1999.04.14"]
[Round "8"]
[White "Barsov, Alexei"]
[Black "Ansell, Simon"]
[Result "1-0"]
[WhiteElo "2504"]
[BlackElo "2400"]

1.d4 d5 2.c4 c6 3.Nf3 Nf6 4.Nc3 dxc4 5.a4 Bf5 6.Nh4 Bc8 7.e3 e5 8.Bxc4 exd4
9.exd4 Be7 10.O-O O-O 11.Re1 Na6 12.Bxa6 bxa6 13.Nf3 Be6 14.Qc2 Qb6 15.a5 Qb7
16.Bg5 Rfe8 17.Ne5 Rab8 18.Rac1 Bd5 19.h3 h6 20.Bh4 c5 21.Nxd5 Qxd5 22.dxc5 Rb4
23.Ng4 Re4 24.Qc3 Rxe1+ 25.Rxe1 Nxg4 26.hxg4 f6 27.c6 Kf7 28.c7 Bb4 29.Rxe8  1-0

[Event "Hampstead GM 5th"]
[Site "London"]
[Date "1999.04.14"]
[Round "8"]
[White "Buckley, Graeme"]
[Black "Hector, Jonny"]
[Result "0-1"]
[WhiteElo "2285"]
[BlackElo "2542"]

1.d4 d5 2.c4 c6 3.Nf3 Nf6 4.Nc3 dxc4 5.a4 Bf5 6.Ne5 Nbd7 7.Nxc4 Qc7 8.Bg5 e5
9.e3 Rd8 10.Bxf6 gxf6 11.Be2 Nc5 12.O-O Be7 13.Re1 Ne6 14.d5 cxd5 15.Nxd5 Qc5
16.Nxe7 Rxd1 17.Nxf5 Rxe1+ 18.Rxe1 O-O 19.Nfd6 Qb4 20.Ra1 Nc5 21.a5 Rd8 22.g3 Nb3
23.Ra3 Qe1+ 24.Kg2 Nd2 25.Rd3 Nxc4 26.Nxc4 Rc8 27.Bf1 b5 28.axb6 axb6 29.Rd7 h5
30.Bd3 e4 31.Bf1 h4 32.gxh4 Kh8 33.Nd2 Rg8+  0-1

[Event "BL2-N9899"]
[Site "Germany"]
[Date "1999.04.18"]
[Round "9.7"]
[White "Lindemann, Christian"]
[Black "Kues, Hendrik"]
[Result "1-0"]
[WhiteElo "2210"]
[BlackElo "2215"]

1.d4 d5 2.Nf3 Nf6 3.c4 c6 4.Nc3 dxc4 5.a4 Bf5 6.Ne5 e6 7.g3 Bb4 8.Bg2 Ne4
9.O-O Nd6 10.e4 Bg6 11.Qe2 O-O 12.h4 f6 13.Nxg6 hxg6 14.e5 Nf5 15.Qxc4 Qxd4
16.Qxe6+ Kh8 17.Bf4 Bxc3 18.bxc3 Qd7 19.Qc4 Na6 20.e6 Qe7 21.Rab1 Rfe8 22.Rfe1 Nc5
23.Bh3 Nxe6 24.h5 Qc5 25.Qxc5 Nxc5 26.hxg6 Nh6 27.Rxe8+ Rxe8 28.Be3 Nxa4
29.Rxb7 Nxc3 30.Rxa7 Nd5 31.Bc5 f5 32.Bd4 Nf6 33.Bxf6 gxf6  1-0

[Event "Dubai op"]
[Site "Dubai"]
[Date "1999.05.08"]
[Round "8"]
[White "Tareq, H Omran"]
[Black "Labib, Ibrahim Hasan"]
[Result "0-1"]
[WhiteElo "2171"]
[BlackElo "2405"]

1.d4 d5 2.c4 c6 3.Nc3 Nf6 4.Nf3 dxc4 5.a4 Bf5 6.e3 e6 7.Bxc4 Bb4 8.Qe2 O-O
9.O-O Bg6 10.Rd1 Nbd7 11.Bd3 Bxd3 12.Qxd3 Qe7 13.Na2 Bd6 14.b4 e5 15.dxe5 Nxe5
16.Nxe5 Qxe5 17.Bb2 Qxh2+ 18.Kf1 Be7 19.Ke2 Rad8 20.Bd4 Qh5+ 21.f3 c5 22.bxc5 Bxc5
23.Rh1 Qg5 24.Kf2 Bxd4 25.exd4 Qf4 26.Rad1 Ng4+ 27.Kg1 Qe3+ 28.Qxe3 Nxe3
29.Rd2 Rd7 30.Kf2 Nc4 31.Rd3 Rfd8 32.Rh4 g5 33.Rh5 f6 34.Rb3 b6 35.Nc3 Rxd4
36.Ne4 Nd2 37.Nxd2 Rxd2+ 38.Kg3 Ra2 39.Rc3 Rxa4 40.Rh1 Rd7 41.Re1 h5 42.Rc6 Kf7
43.Rc8 h4+ 44.Kh3 Rad4 45.Rb1 Rb7  0-1

[Event "NOR-chT"]
[Site "Langesund"]
[Date "1999.05.15"]
[Round "6"]
[White "Madsen, Dag"]
[Black "Gausel, Einar"]
[Result "1/2-1/2"]
[WhiteElo "2281"]
[BlackElo "2525"]

1.Nf3 d5 2.d4 Nf6 3.c4 dxc4 4.Nc3 c6 5.a4 Bf5 6.e3 e6 7.Bxc4 Bb4 8.O-O O-O
9.Nh4 Nbd7 10.Nxf5 exf5 11.Qc2 g6 12.f3 Qb6 13.Qf2 Qa5 14.Bd2 c5 15.Qh4 Rad8
16.Rfd1 Nb6 17.Bb3 Nfd5 18.dxc5 Nxc3 19.Bxc3 Rxd1+ 20.Rxd1 Bxc3 21.bxc3 Qxc3
22.Bxf7+ Rxf7 23.cxb6 Qxe3+ 24.Qf2 Qxb6 25.Qxb6 axb6 26.Rd6 Rc7  1/2-1/2

[Event "VCN SchaakFestival"]
[Site "Soest"]
[Date "1999.05.16"]
[Round "5"]
[White "De Haan, Eric"]
[Black "Amesz, Jaap"]
[Result "1-0"]
[WhiteElo "2340"]
[BlackElo "2190"]

1.d4 Nf6 2.c4 c6 3.Nc3 d5 4.Nf3 dxc4 5.a4 Bf5 6.e3 Bd3 7.Bxd3 cxd3 8.Qxd3 Qc7
9.O-O Nbd7 10.e4 e5 11.d5 Bc5 12.Bd2 O-O 13.Rac1 Qd6 14.Rfd1 cxd5 15.exd5 a6
16.Ng5 Bd4 17.Be3 Bxc3 18.bxc3 h6 19.Ne4 Nxe4 20.Qxe4 Rac8 21.Qb4 Nc5 22.a5 Rfd8
23.Rb1 Rc7 24.c4 Ne4 25.Bb6 Nc5 26.Bxc7 Qxc7 27.Qb6 Qxb6 28.Rxb6 Kf8 29.f3 Rd7
30.Kf2 Na4 31.Rb4 Nc5 32.Ke3 Rd6 33.Rdb1 Rd7 34.Rb6 Ke7 35.Rd1 Na4 36.d6+ Ke6
37.Rb4 Nc3 38.Rd3 Na2 39.Rb2 e4 40.fxe4 Nc1 41.Rd1  1-0

[Event "Kassel op"]
[Site "Kassel"]
[Date "1999.05.22"]
[Round "3"]
[White "Schenk, Uwe"]
[Black "Bruchmann, Stephan"]
[Result "0-1"]
[WhiteElo "2169"]
[BlackElo "2200"]

1.d4 d5 2.Nf3 c6 3.c4 Nf6 4.Nc3 dxc4 5.a4 Bf5 6.Ne5 Na6 7.f3 Nd7 8.Nxc4 e5
9.e4 exd4 10.Ne2 Bb4+ 11.Bd2 Ndc5 12.Bxb4 Nxb4 13.Nxd4 Qxd4 14.Nd6+ Kf8 15.Qxd4 Nc2+
16.Kf2 Nxd4 17.Nxf5 Nxf5 18.exf5 Ke7 19.b4 Nd7 20.Bd3 Rhd8 21.Rhe1+ Kf8 22.g4 Nf6
23.Be4 Rd2+ 24.Kg3 Rad8 25.b5 Nxe4+ 26.Rxe4 R8d4 27.Re3 R2d3 28.Re2 Rd1 29.Ra3 R4d3
30.Rxd3 Rxd3 31.bxc6 bxc6 32.Rb2 Ke7 33.Rb7+ Rd7 34.Rb4 c5 35.Rc4 Kd6 36.Kf4 Kd5
37.Rc1 Re7 38.h4 c4 39.f6 gxf6 40.Kf5 Re6 41.Rd1+ Kc5 42.Rd7 c3 43.Rxf7 Rd6  0-1

[Event "CRO-Cup"]
[Site "Pula"]
[Date "1999.05.27"]
[Round "4"]
[White "Havas, Ladislav"]
[Black "Dabo Peranic, Robert"]
[Result "1/2-1/2"]
[WhiteElo "2260"]
[BlackElo "2272"]

1.d4 d5 2.c4 c6 3.Nf3 Nf6 4.Nc3 dxc4 5.a4 Bf5 6.e3 e6 7.Bxc4 Bb4 8.O-O Nbd7
9.Bd3 Bxd3 10.Qxd3 O-O 11.Rd1 Qa5 12.Ne4 c5 13.Nxf6+ Nxf6 14.Bd2 Rfd8 15.Qb3 Bxd2
16.Rxd2 Ne4 17.Rdd1 b6 18.Qc2 Nf6 19.dxc5 bxc5 20.Ne5 Rxd1+ 21.Rxd1 Rc8 22.Nc4 Qb4
23.h3 g6 24.g4 Rb8 25.a5 h5 26.gxh5 Nxh5 27.Rd7 Nf6 28.Rd1 Nd5 29.Qe2 Qb3
30.Rc1 Ne7 31.h4 Rd8 32.Rc3 Qb8 33.Rd3 Rd5 34.e4 Rxd3 35.Qxd3 Nc6 36.Qd7 Qf4
37.Qxc6 Qg4+ 38.Kf1 Qd1+ 39.Kg2 Qg4+ 40.Kf1 Qd1+ 41.Kg2 Qg4+ 42.Kf1  1/2-1/2

[Event "Pula op 13th"]
[Site "Pula"]
[Date "1999.06.04"]
[Round "6"]
[White "Cebalo, Miso"]
[Black "Boric, Muhamed"]
[Result "1-0"]
[WhiteElo "2511"]
[BlackElo "2411"]

1.d4 d5 2.c4 c6 3.Nf3 Nf6 4.Nc3 dxc4 5.a4 Bf5 6.Nh4 Bg4 7.h3 Bh5 8.g4 Bg6
9.Nxg6 hxg6 10.g5 Nfd7 11.e4 e6 12.Bxc4 Bb4 13.Be3 Rh4 14.f4 c5 15.d5 e5
16.Qf3 Qc7 17.O-O Bxc3 18.bxc3 exf4 19.Bxf4 Rxf4 20.Qxf4 Ne5 21.d6 Qxd6 22.Bxf7+ Ke7  1-0

[Event "Pula op 13th"]
[Site "Pula"]
[Date "1999.06.05"]
[Round "7"]
[White "Hulak, Krunoslav"]
[Black "Vukelic, Tomislav"]
[Result "1-0"]
[WhiteElo "2493"]
[BlackElo "2319"]

1.d4 d5 2.Nf3 Nf6 3.c4 c6 4.Nc3 dxc4 5.a4 Bf5 6.e3 e6 7.Bxc4 Bb4 8.O-O Nbd7
9.Qb3 a5 10.Nh4 Bg6 11.f3 Qb6 12.Rd1 Be7 13.Qxb6 Nxb6 14.Bb3 Nfd5 15.Nxg6 hxg6
16.e4 Nb4 17.Be3 Nd7 18.f4 g5 19.fxg5 Rh5 20.g4 Rh3 21.Bf4 Rh4 22.Kf2 Rxg4
23.Kf3 Rh4 24.g6 Nf8 25.gxf7+ Kxf7 26.Bg3 Rh6 27.d5 Ke8 28.Rg1 Bc5 29.Rg2 Bd4
30.Rd1 e5 31.h4 Rd8 32.Ne2 Bxb2 33.Rd2 Ba3 34.Bxe5 Ng6 35.Bxg7 Nxh4+ 36.Kf2 Rh7
37.Rg4 Rd7 38.Bf6 Rdf7 39.Rg8+ Kd7 40.dxc6+ Kxc6 41.Nd4+ Kc5 42.Bxf7 Rxf7
43.e5 Nc6 44.Rc8 Ng6 45.Nxc6 bxc6 46.Kg3 Bb4 47.Rd6 Ne7 48.Bxe7 Be1+ 49.Kg4 Rxe7
50.Rcxc6+ Kb4 51.Re6 Rh7 52.Rc1 Bf2 53.Rec6 Kxa4 54.R6c2 Rg7+ 55.Kf5 Be3
56.Rb1 Ka3 57.Ra1+ Kb3 58.Re2 Bb6 59.Rb1+  1-0

[Event "CZE-ch"]
[Site "Lazne Bohdanec"]
[Date "1999.06.06"]
[Round "4"]
[White "Haba, Petr"]
[Black "Meduna, Eduard"]
[Result "1-0"]
[WhiteElo "2545"]
[BlackElo "2493"]

1.d4 Nf6 2.c4 c6 3.Nc3 d5 4.Nf3 dxc4 5.a4 Bf5 6.Ne5 Nbd7 7.Nxc4 Nb6 8.Ne5 e6
9.f3 Nfd7 10.Nxd7 Nxd7 11.e4 Bg6 12.a5 Bb4 13.Qb3 Bxa5 14.Qxb7 Bb6 15.Qxc6 O-O
16.Be3 e5 17.Rd1 exd4 18.Bxd4 Qh4+ 19.g3 Qh5 20.Bxb6 Ne5 21.Qd5 axb6 22.Be2 Ra5
23.Qb3 Qh3 24.Kf2 Kh8 25.Qxb6 Raa8 26.Nd5 f5 27.Nf4 Qh6 28.exf5 Rxf5 29.Rd8+ Rf8
30.Rxa8 Rxa8 31.h4 Re8 32.Rd1 Bf7 33.Qxh6 gxh6 34.b4 Ra8 35.Rb1 Kg7 36.b5 Kf6
37.b6 Rb8 38.b7 Ke7 39.Rb6 h5 40.Ba6 Nd7 41.Rc6 Rd8 42.Rc8  1-0

[Event "CCA ChessWise op"]
[Site "Stratton Mountain"]
[Date "1999.06.17"]
[Round "9"]
[White "Hummel, Patrick"]
[Black "Belakovskaia, Anjelina"]
[Result "1-0"]
[WhiteElo "2270"]
[BlackElo "2286"]

1.d4 d5 2.c4 c6 3.Nf3 Nf6 4.Nc3 dxc4 5.a4 Bf5 6.e3 e6 7.Bxc4 Bb4 8.O-O Ne4
9.Qb3 Qe7 10.Nh4 O-O 11.Nxf5 exf5 12.f3 Nf6 13.e4 fxe4 14.fxe4 Bxc3 15.bxc3 Qxe4
16.Ba3 Nbd7 17.Bxf8 Rxf8 18.Rae1 Qh4 19.Qxb7 c5 20.Qxa7 h6 21.Bb5 Ng4 22.h3 Ndf6
23.hxg4 Nxg4 24.Qc7 cxd4 25.cxd4 f5 26.Be2 h5 27.Bxg4 hxg4 28.Qe7 Qh5 29.g3 Rb8
30.Qe6+ Kh8 31.Qxf5 Qh3 32.Qf2 Rb3 33.Re8+ Kh7 34.Qc2+  1-0

[Event "Andorra la Vella op"]
[Site "Andorra la Vella"]
[Date "1999.06.29"]
[Round "4"]
[White "Comas Fabrego, Luis"]
[Black "Franco Ocampo, Zenon"]
[Result "1/2-1/2"]
[WhiteElo "2541"]
[BlackElo "2463"]

1.d4 d5 2.Nf3 Nf6 3.c4 c6 4.Nc3 dxc4 5.a4 Bf5 6.e3 e6 7.Bxc4 Bb4 8.O-O O-O
9.Nh4 Nbd7 10.f3 Bg6 11.Nxg6 hxg6 12.Qc2 Qb6 13.Rd1 a5 14.Kh1 Rad8 15.Bd2 c5  1/2-1/2

[Event "EUCup99 (Women)"]
[Site "Nova Gorica"]
[Date "1999.06.30"]
[Round "3"]
[White "Prudnikova, Svetlana"]
[Black "Sedina, Elena"]
[Result "1-0"]
[WhiteElo "2415"]
[BlackElo "2374"]

1.Nf3 Nf6 2.c4 c6 3.d4 d5 4.Nc3 dxc4 5.a4 Bf5 6.Ne5 Nbd7 7.Nxc4 Qc7 8.g3 e5
9.dxe5 Nxe5 10.Bf4 Nfd7 11.Nxe5 Nxe5 12.Qd4 Bd6 13.Bg2 Qe7 14.O-O O-O 15.Rfd1 Bc7
16.b4 f6 17.Ne4 Rfd8 18.Qc5 Qe6 19.Qc3 Rxd1+ 20.Rxd1 Rd8 21.Rxd8+ Bxd8 22.Nc5 Qe7
23.Bxe5 fxe5 24.h4 h6 25.a5 a6 26.Be4 Bxe4 27.Nxe4 Bc7 28.Nc5 Bd6 29.Qc4+ Kh8
30.e4 Bxc5 31.Qxc5 Qf6 32.h5 Kh7 33.Kg2 Kh8 34.Qc3 Qd8 35.Qc5 Qf6 36.Kf1 Kh7
37.Qc3 Qd6 38.Ke2 Qe7 39.Qc4 Qg5 40.Qf7 Kh8 41.Qf8+ Kh7 42.Qf5+ Kg8 43.Qxg5 hxg5
44.Kf3 Kf7 45.Kg4 Ke7 46.Kxg5 Kd7 47.Kg6  1-0

[Event "Hotel Irottko GM"]
[Site "Koszeg"]
[Date "1999.07.02"]
[Round "10"]
[White "Ruck, Robert"]
[Black "Varga, Zoltan"]
[Result "1/2-1/2"]
[WhiteElo "2492"]
[BlackElo "2518"]

1.d4 d5 2.Nf3 c6 3.c4 Nf6 4.Nc3 dxc4 5.a4 Bf5 6.e3 e6 7.Bxc4 Bb4 8.O-O O-O
9.Qe2 Bg6 10.Ne5 Nbd7 11.Nxg6 hxg6  1/2-1/2

[Event "EUCup99 (Women)"]
[Site "Nova Gorica"]
[Date "1999.07.03"]
[Round "5"]
[White "Prudnikova, Svetlana"]
[Black "Zhukova, Natalia"]
[Result "0-1"]
[WhiteElo "2415"]
[BlackElo "2456"]

1.Nf3 d5 2.d4 Nf6 3.c4 c6 4.Nc3 dxc4 5.a4 Bf5 6.Ne5 Nbd7 7.Nxc4 Qc7 8.g3 e5
9.dxe5 Nxe5 10.Bf4 Nfd7 11.Bg2 f6 12.Nxe5 fxe5 13.Bg5 Nc5 14.e4 Be6 15.O-O Bc4
16.Re1 Nd3 17.Re2 Bc5 18.b3 O-O 19.bxc4 Nxf2 20.Rxf2 Rxf2 21.Kh1 h6 22.Bc1 Rd8
23.Nd5 cxd5 24.exd5 Bd4 25.Rb1 Qxc4 26.Bxh6 gxh6 27.Qg4+ Kh8 28.Qh4 Rd6  0-1

[Event "NOR-ch"]
[Site "Gausdal"]
[Date "1999.07.04"]
[Round "2"]
[White "Johannessen, Leif Erlend"]
[Black "Hole, Oystein"]
[Result "1-0"]
[WhiteElo "2356"]
[BlackElo "2242"]

1.d4 d5 2.c4 c6 3.Nf3 Nf6 4.Nc3 dxc4 5.a4 Bf5 6.Ne5 e6 7.f3 Bb4 8.Nxc4 O-O
9.Bg5 h6 10.Bh4 Be7 11.e4 Bh7 12.Be2 Na6 13.Bf2 Nb4 14.O-O Rc8 15.Qb3 b6
16.Rfd1 Qd7 17.a5 b5 18.Ne5 Qb7 19.Rac1 Rfd8 20.Na2 Na6 21.Nd3 Nd7 22.Nab4 c5
23.Nxa6 c4 24.Nac5 Nxc5 25.Nxc5 Bxc5 26.Rxc4 Bf8 27.Rxc8 Rxc8 28.Qxb5 Qxb5
29.Bxb5 Rb8 30.Bc4 Rxb2 31.d5 exd5 32.Bxd5 a6 33.Bc4 g5 34.Bxa6 Ra2 35.Bb6 Bb4
36.Bc4 Rc2 37.Bd5  1-0

[Event "NOR-ch"]
[Site "Gausdal"]
[Date "1999.07.09"]
[Round "8"]
[White "Elsness, Frode"]
[Black "Gausel, Einar"]
[Result "1/2-1/2"]
[WhiteElo "2395"]
[BlackElo "2500"]

1.d4 d5 2.c4 c6 3.Nf3 Nf6 4.Nc3 dxc4 5.a4 Bf5 6.Ne5 Nbd7 7.Nxc4 Qc7 8.g3 e5
9.dxe5 Nxe5 10.Bf4 Nfd7 11.Bg2 f6 12.O-O Nc5 13.e4 Bg6 14.Qe2 Be7 15.Rad1 O-O
16.Bh3 a5 17.Nxe5 fxe5 18.Be3 Kh8 19.f4 Rad8 20.fxe5 Rxf1+ 21.Qxf1 Rf8 22.Qe2 Nxe4
23.Bd4 Ng5 24.Bg2 Ne6 25.Bf2 Re8 26.Bh3 Bf8 27.Bg4 Bf7 28.Kg2 Bb4 29.h4 Nf8
30.Re1 Be6 31.Bh5 Rd8 32.Kh2 Nd7 33.Rd1 Rf8 34.Bd4 c5 35.Nb5 Qb8 36.Bc3 Bxc3
37.Nxc3 Qxe5 38.Qxe5 Nxe5 39.Re1 Ng4+ 40.Bxg4 Bxg4 41.Re5 h6 42.Rxc5 Rf2+
43.Kg1 Rxb2 44.Rxa5 Bf3 45.Re5 Bc6 46.Kf1 Rc2 47.Re3 Kh7 48.a5 Kg8 49.Ke1 Kf7
50.Ne2 Ra2 51.Re5 Ra3 52.Kd2 Kf6 53.Rc5 Ke6 54.Nc3 g6 55.Nb5 Rxg3 56.a6 Rg2+
57.Kc3 Ra2 58.Kb3 Ra1 59.Na3 bxa6 60.Rxc6+ Kf5 61.Nc2 Rh1 62.Ne3+ Ke4 63.Ng4  1/2-1/2

[Event "SVK-ch"]
[Site "Nove Zamky"]
[Date "1999.07.09"]
[Round "7"]
[White "Hlas, Jan"]
[Black "Nagy, Attila"]
[Result "0-1"]
[WhiteElo "2118"]
[BlackElo "2187"]

1.d4 d5 2.c4 c6 3.Nc3 Nf6 4.Nf3 dxc4 5.a4 Bf5 6.Ne5 e6 7.f3 Bb4 8.e4 Bxe4
9.fxe4 Nxe4 10.Bd2 Qxd4 11.Nxe4 Qxe4+ 12.Qe2 Bxd2+ 13.Kxd2 Qd5+ 14.Kc2 O-O
15.Nxc4 Na6 16.Qe5 Rac8 17.Kb3 f6 18.Qxd5 cxd5 19.Nd6 Nc5+ 20.Ka3 Rc6 21.Rc1 Rxd6
22.Rxc5 b6 23.Rc1 a5 24.Bb5 e5 25.Rc7 e4 26.Rhc1 f5 27.R1c6 Rff6 28.Rxd6 Rxd6
29.Rd7 Rxd7 30.Bxd7 Kf7 31.Bxf5 Kf6 32.Bg4 Kg5 33.Bd7 Kf4 34.Kb3 Ke3 35.Kc2 Kf2
36.Kd1 Kxg2 37.Ke2 Kxh2 38.Be6 g5 39.Kf2 h5 40.Bxd5 g4 41.Bxe4 g3+ 42.Kf1 h4  0-1

[Event "Arthur Dake Int"]
[Site "San Francisco"]
[Date "1999.07.11"]
[Round "1"]
[White "Hummel, Patrick"]
[Black "Rey, Guillermo"]
[Result "1/2-1/2"]
[WhiteElo "2330"]
[BlackElo "2363"]

1.d4 d5 2.c4 c6 3.Nf3 Nf6 4.Nc3 dxc4 5.a4 Bf5 6.e3 e6 7.Bxc4 Bb4 8.O-O O-O
9.Qe2 Nbd7 10.e4 Bg6 11.e5 Nd5 12.Bd2 Be7 13.Nxd5 cxd5 14.Bd3 Nb8 15.b4 Nc6
16.Rfb1 Rc8 17.a5 Qd7 18.b5 Nb8 19.Rc1 Rxc1+ 20.Rxc1 Rc8 21.Bxg6 hxg6 22.Rxc8+ Qxc8
23.Qd3 a6 24.b6 Nc6 25.Qc2 Qf8 26.Bc3 Bb4 27.Qd2 Be7 28.Ne1 Qc8 29.Qb2 Nb8
30.Qb3 Qc6  1/2-1/2